Biotechnology for Beginners (Record no. 6190)

MARC details
000 -LEADER
fixed length control field 00517nam a22001937a 4500
003 - CONTROL NUMBER IDENTIFIER
control field OSt
005 - DATE AND TIME OF LATEST TRANSACTION
control field 20191202123610.0
008 - FIXED-LENGTH DATA ELEMENTS--GENERAL INFORMATION
fixed length control field 181203b xxu||||| |||| 00| 0 eng d
020 ## - INTERNATIONAL STANDARD BOOK NUMBER
International Standard Book Number 978-0123735812
040 ## - CATALOGING SOURCE
Transcribing agency DNLM
082 ## - DEWEY DECIMAL CLASSIFICATION NUMBER
Classification number QV34 R29b 2008
100 ## - MAIN ENTRY--PERSONAL NAME
Personal name Edited by Arnold, L. Demain
9 (RLIN) 12763
245 ## - TITLE STATEMENT
Title Biotechnology for Beginners
260 ## - PUBLICATION, DISTRIBUTION, ETC. (IMPRINT)
Place of publication, distribution, etc. Amsterdam;
Name of publisher, distributor, etc. Elsevier,
Date of publication, distribution, etc. 2008
300 ## - PHYSICAL DESCRIPTION
Extent xix,349p; col.ill: 27cm
504 ## - BIBLIOGRAPHY, ETC. NOTE
Bibliography, etc Credits, & Index included
650 ## - SUBJECT ADDED ENTRY--TOPICAL TERM
Topical term or geographic name as entry element Biotechnology
9 (RLIN) 4840
942 ## - ADDED ENTRY ELEMENTS (KOHA)
Source of classification or shelving scheme Other/Generic Classification Scheme
Koha item type Short Loan
Holdings
Withdrawn status Lost status Source of classification or shelving scheme Damaged status Not for loan Home library Current library Date acquired Source of acquisition Inventory number Total Checkouts Full call number Barcode Date last seen Koha item type
    Other/Generic Classification Scheme     Pharmacy Department Library Pharmacy Department Library 03/12/2018   17/40465   QV34 R29b 2008 2018-0428 03/12/2018 Short Loan